ბათუმის შოთა რუსთაველის სახელმწიფო უნივერსიტეტის ბიბლიოთეკა

ელექტრონული რესურსების ბიბლიოგრაფიული აღწერილობა (ბიბ.ჩანაწერი № 52088)

000 -LEADER
fixed length control field 00967nam a2200241Ia 4500
001 - CONTROL NUMBER
control field 19095
003 - CONTROL NUMBER IDENTIFIER
control field GE_BSU
008 - FIXED-LENGTH DATA ELEMENTS--GENERAL INFORMATION
fixed length control field 181216s||||||||xx |||||||||||||| ||und||
020 ## - INTERNATIONAL STANDARD BOOK NUMBER
International Standard Book Number 9789941032356
040 ## - CATALOGING SOURCE
Transcribing agency GE_BSU
080 ## - UNIVERSAL DECIMAL CLASSIFICATION NUMBER
Universal Decimal Classification number 025.321.5
245 ## - TITLE STATEMENT
Title ელექტრონული რესურსების ბიბლიოგრაფიული აღწერილობა
245 ## - TITLE STATEMENT
Statement of responsibility, etc. შემდგ. ნ. ქავთარაძე. რედ. გ. თაყნიაშვილი
260 ## - PUBLICATION, DISTRIBUTION, ETC.
Place of publication, distribution, etc. თბილისი
260 ## - PUBLICATION, DISTRIBUTION, ETC.
Name of publisher, distributor, etc. საქ. პარლ.ეროვნ. ბიბ-კა
260 ## - PUBLICATION, DISTRIBUTION, ETC.
Date of publication, distribution, etc. 2011
300 ## - PHYSICAL DESCRIPTION
Extent 36გვ.
653 ## - INDEX TERM--UNCONTROLLED
Uncontrolled term ელექტრონული რესურსების ბიბლიოგრაფიული აღწერილობა
653 ## - INDEX TERM--UNCONTROLLED
Uncontrolled term საბიბლიოთეკო საქმე
653 ## - INDEX TERM--UNCONTROLLED
Uncontrolled term ქსეროქსი
942 ## - ADDED ENTRY ELEMENTS (KOHA)
Koha item type წიგნი
ეგზემპლარები
Withdrawn status Lost status Damaged status Not for loan Date acquired Barcode Date last seen Price effective from Koha item type Public note
        2018-12-17 00374 ქსეროქსი 2018-12-17 2018-12-17 წიგნი ქსეროქსი